004740000a22001210004500090001400000100003400014245003200048041001300080942001300093773004500106999001700151952018400168 aARb046021 aTraniello, James F. A.99871910aForaging strategies of ants0 aInglés cARTICULO1 tAnn. Rev. Entomol.q191-210 p.d1989g34 c13702d13702 001040718HEMEROTECAaBogotabBogotad2010-03-11eEscobar Sarria, FedericohFuera de circulaciónl0oAR 04602p027953r2015-03-25 00:00:00t1w2015-03-25xDonaciónyARTICULO